| 000 | 00398nam a2200181Ia 4500 | ||
|---|---|---|---|
| 100 | _aMano/Morris | ||
| 650 | _aComputer Architecture | ||
| 250 | _a3 | ||
| 942 | _cBK | ||
| 366 | _f20 | ||
| 654 | _acomputer systems | ||
| 245 | _aComputer system architecture | ||
| 260 |
_bPearson Education _aMumbai _c2007 |
||
| 082 |
_a004.22/MAN _bMAN |
||
| 300 | _a520 | ||
| 546 | _aENGLISH | ||
| 999 |
_c27368 _d27368 |
||